| 000 | 00651cam a2200217 i 4500 | ||
|---|---|---|---|
| 001 | 1302601 | ||
| 005 | 20241120110040.0 | ||
| 008 | 770223s1978 nyua b 001 0 eng | ||
| 020 | _a0023557109 | ||
| 050 | 0 | 0 |
_aQA276 _b.H59 1978 |
| 082 | 0 | 0 | _a519 |
| 100 | 1 | _aHogg, Robert V. | |
| 245 | 1 | 0 |
_aIntroduction to mathematical statistics / _cRobert V. Hogg, Allen T. Craig. |
| 250 | _a4th ed. | ||
| 260 |
_aNew York : _bMacmillan, _cc1978. |
||
| 300 |
_ax, 438 p. : _bill. ; _c24 cm. |
||
| 500 | _aIncludes index. | ||
| 650 | 0 | _aMathematical statistics. | |
| 700 | 1 |
_aCraig, Allen T. _q(Allen Thornton), _d1905- _ejoint author. |
|
| 942 |
_2ddc _cBK _e4th _n0 |
||
| 999 |
_c1350 _d1350 |
||